|
|
|
|
| LEADER |
00000nab a2200000 a 4500 |
| 001 |
vtls000408820 |
| 003 |
SK-MaSNL |
| 005 |
20260303200145.0 |
| 008 |
230223c1990 xo 0 slo |
| 015 |
|
|
|a SNBRB19rr/mm-uuuuu
|
| 035 |
|
|
|a CL0408944
|
| 035 |
|
|
|a urn:nbn:sk:snk-ab31ah
|
| 035 |
|
|
|a (urnnbn)urn:nbn:sk:snk:ar-a04k31
|
| 035 |
|
|
|a (uuid)6432f04a-c0c0-4318-8b95-519907c50bfc
|
| 040 |
|
|
|a SNKBUCL
|b slo
|c SNKBUCL
|e AACR2
|
| 041 |
0 |
|
|a slo
|
| 044 |
|
|
|a xo
|c SK
|
| 080 |
|
|
|a 368.4
|2 1981
|
| 080 |
|
|
|a 336.28
|2 1981
|
| 080 |
|
|
|a 351.84
|2 1981
|
| 080 |
|
|
|a 364
|2 1981
|
| 245 |
0 |
0 |
|a Vyhláška federálneho ministerstva práce a sociálních věcí ze dne 20. dubna 1990, kterou se mění a doplňuje vyhláška č. 149/1988 Sb., kterou se provádí zákon o sociálním...
|
| 650 |
0 |
7 |
|a sociálne zabezpečenie
|2 snkbucl
|9 3720
|
| 650 |
0 |
7 |
|a nemocenské poistenie
|2 snkbucl
|9 67734
|
| 650 |
0 |
7 |
|a nemocenské dávky
|2 snkbucl
|9 70325
|
| 655 |
|
7 |
|a články z novín a časopisov
|2 snkbucl
|9 267496
|
| 773 |
0 |
|
|t Otázky práce
|g Roč. 1, č. 9 (1990), s. 12-16
|
| 850 |
|
|
|a Slovenská národná knižnica v Martine
|a MTA001
|
| 852 |
|
|
|a SNK
|b KIS3GCP
|
| 954 |
|
|
|a odborná, vedecká literatúra pôvodná (slovenská)
|2 lita
|
| 958 |
|
|
|a RK
|
| 958 |
|
|
|a OND
|
| 958 |
|
|
|a EUIPO
|
| 958 |
|
|
|a article27
|
| 992 |
|
|
|a RBX
|
| 999 |
|
|
|c 2166739
|d 2168669
|